Jugando en grande: actividades para desarrollar la capacidad visomotriz del niño, libro 1

Saved in:
書目詳細資料
主要作者: Audry, Ofelia (Author)
格式: 圖書
語言:西班牙语
出版: Ciudad de México Trillas 1997
主題:
標簽: 添加標簽
沒有標簽, 成為第一個標記此記錄!

MARC

LEADER 00000nam a2200000 a 4500
001 UCN1944
003 CL-VaPUC
008 010504e19970000MX |||||||||||||||||spa|d
082 0 4 |a 370.155  |b AUD  |2 21 
100 0 |a Audry, Ofelia  |e author  |9 457537 
245 1 0 |a Jugando en grande: actividades para desarrollar la capacidad visomotriz del niño, libro 1 
300 |a 96 p 
942 |c BK 
945 |d 20010504 00:00:00  |a cmena 
260 |a Ciudad de México  |b Trillas  |c 1997 
650 0 |a Psicología educacional   |9 307830 
650 0 |a Cognición   |9 270347 
650 0 |a Desarrollo individual   |9 307875 
583 |a last modification  |c 20010504 00:00:00  |k Rodrigo Vera 
999 |c 295167  |d 295165 
952 |0 0  |1 0  |4 0  |6 370_155000000000000_AUD_1997  |7 0  |8 X  |9 348098  |a BIBEDU  |b BIBEDU  |d 2019-11-20  |i 3718220  |o 370.155 AUD 1997  |p 3718220  |r 2023-01-13  |w 2019-11-20  |y BK_X  |k EPE